Técnicas de estudio y lectura rápida / (Record no. 4049)

000 -CABECERA
fixed length control field 01193nam a22002057a 4500
003 - IDENTIFICADOR DEL NÚMERO DE CONTROL
control field AR-CdUCM
008 - DATOS DE LONGITUD FIJA--INFORMACIÓN GENERAL
fixed length control field 190307b ||||| |||| 00| 0 spa d
040 ## - FUENTE DE LA CATALOGACIÓN
Agencia/entidad que catalogó originalmente la obra MUNICIPALIDAD PROVINCIAL DEL CUSCO
Entidad que transcribió la catalogación BIBLIOTECA MUNICIPAL DEL CUSCO
082 ## - NÚMERO DE LA CLASIFICACIÓN DECIMAL DEWEY
No. de Clasificación 372. 412 /
Notacion interna T3
245 ## - MENCIÓN DE TÍTULO
Título Técnicas de estudio y lectura rápida /
260 ## - PUBLICACIÓN, DISTRIBUCIÓN, ETC.
Lugar de publicación, distribución, etc. Colombia :
Nombre de la editorial, distribuidor, etc. Educar Cultura Recreativa S.A.,
Fecha de publicación, distribución, etc. 1995.
300 ## - DESCRIPCIÓN FÍSICA
Nº de Páginas Extensión 4 tomos ;
Otros detalles físicos Ilustraciones,
Dimensiones 28 cm.
505 ## - NOTA DE CONTENIDO CON FORMATO
Nota de contenido formateada Contenido: t.1: Técnicas de memorización -- Lectura rápida -- t.2: Lección 6, el campo visual -- Lección 7, los puntos de fijesa... t.3: Lección 11: La lectura en bloques -- Lección 12: Aplicaciones -- Lección 13: Introducción a la metodología -- Lección 14: Método de aprendizaje -- Lección 15: La preparación.<br/>
505 ## - NOTA DE CONTENIDO CON FORMATO
Nota de contenido formateada Tomo IV: Lección 16: La metodología clásica -- Lección 17: Las palabras clave -- Lección 18: Metodología para la lectura y la escucha -- Lección 19: Las palabras concepto -- Lección 20: El mapa mental..
650 ## - PUNTO DE ACCESO ADICIONAL DE MATERIA--TÉRMINO DE MATERIA
Descriptor Técnicas de estudio - Estudiantes
9 (RLIN) 12890
650 ## - PUNTO DE ACCESO ADICIONAL DE MATERIA--TÉRMINO DE MATERIA
Descriptor Lectura veloz - Métodos
9 (RLIN) 12891
650 ## - PUNTO DE ACCESO ADICIONAL DE MATERIA--TÉRMINO DE MATERIA
Descriptor Métodos de Aprendizaje
9 (RLIN) 12892
942 ## - ELEMENTOS DE PUNTO DE ACCESO ADICIONAL (KOHA)
Fuente de clasificación
Tipo de item Libros-BMC
945 ## - PROCESAMIENTO DE INFORMACIÓN LOCAL (OCLC)
Catalogador lccs
Holdings
Estado de retiro (separado) Fuente de clasificación o esquema de estanterías Estado dañado Ubicación Sala donde se ubica Nombre de la colección Fecha de adquisición o compra Costo, precio normal en soles Signatura topográfica Código de Barras Última vez visto (Koha) Tipo de ítem (Koha)
No     Sala Humanidades Sala Humanidades Book Cart 2019-03-07 30.00 372. 412 / T3 / t.3 SH0000004125 2019-03-07 Libros-BMC
No     Sala Humanidades Sala Humanidades Book Cart 2019-03-07 30.00 372. 412 / T3 / t.4 SH0000004126 2019-03-07 Libros-BMC
No     Sala de Infantes Sala de Infantes Children's Area 2019-04-03 50.00 372. 412 / T3 / t.1 SI00000958 2019-04-03 Libros-BMC
No     Sala de Infantes Sala de Infantes Children's Area 2019-04-03 50.00 372. 412 / T3 / t.2 SI00000959 2019-04-03 Libros-BMC

Powered by Koha